BRAND MANAGEMENT (Record no. 26635)

MARC details
000 -LEADER
fixed length control field 00350nam a2200145Ia 4500
008 - FIXED-LENGTH DATA ELEMENTS--GENERAL INFORMATION
fixed length control field 240624s9999 xx 000 0 und d
041 ## - LANGUAGE CODE
Language code of text/sound track or separate title eng
082 ## - DEWEY DECIMAL CLASSIFICATION NUMBER
Classification number 658.827 DAL
100 ## - MAIN ENTRY--PERSONAL NAME
Personal name RILEY FRANCESCA DALL OLMO
245 ## - TITLE STATEMENT
Title BRAND MANAGEMENT
260 ## - PUBLICATION, DISTRIBUTION, ETC.
Date of publication, distribution, etc. 2010
Place of publication, distribution, etc. London
Name of publisher, distributor, etc. Sage
300 ## - PHYSICAL DESCRIPTION
Extent vi, : 491 : p. : cm. ; 24
365 ## - TRADE PRICE
Currency code GBP
Price amount 38
440 ## - SERIES STATEMENT/ADDED ENTRY--TITLE
Volume/sequential designation 2
Holdings
Withdrawn status Lost status Damaged status Not for loan Home library Current library Shelving location Date acquired Source of acquisition Cost, normal purchase price Total Checkouts Full call number Barcode Date due Date last seen Date last checked out Copy number Price effective from Koha item type
        IMTN IMTN Rack 37-A 02/23/2016 RW 625.00 1 658.827 DAL 26635 10/14/2024 07/06/2024 07/06/2024 105.6 06/24/2024 Books
Designed & Maintained by: LRC IMT Nagpur Contact: lrc@imtnag.ac.in© 2024. All Rights Reserved.